| 000 | 00536nam a2200205Ia 4500 | ||
|---|---|---|---|
| 005 | 20221121113312.0 | ||
| 008 | 131103s9999 xx 000 0 und d | ||
| 020 |
_aSBN 049200275 _cRs.48 |
||
| 040 | _aLoreto College | ||
| 041 | _aEnglish | ||
| 082 |
_a954.03 _bPAT |
||
| 100 | _aTahmankar,D.V. | ||
| 245 |
_aSardar Patel _cD.V.Tahmankar |
||
| 260 |
_aLondon _bGeorge Allen and Unwin Ltd. _c1970 |
||
| 300 | _a299 p. | ||
| 504 | _aIncludes index and appendix | ||
| 650 | _aModern Indian History | ||
| 850 | _aLCLIB | ||
| 942 | _cBK | ||
| 999 |
_c9877 _d60356 |
||